00813cam a22002291 4500001001300000003000400013005001700017008004100034010001700075040004300092050001400135100002700149245006500176260003900241300007100280490007200351504003200423650002200455740001800477830007100495999001700566gs 47000200 DLC20260227111352.0871006s1938 gw abf b 000 0 ger c ags 47000200  aU.S. Geol. Survey. Libr./ICUcICUdDLC00aQE33b.M61 aMordziol, Carl,d1886-10aEinführung in die wehrgeologie,cvon dr. Carl Mordziol ... aFrankfurt a. M.,bO. Salle,c1938. axiv, 102 p.billus. (incl. maps, profiles) plates, diagrs.c22 cm.1 aMathematisch-naturwissenschaftlich technischebücherei ...vbd. 32 aBibliographical foot-notes. 0aMilitary geology.0 aWehrgeologie. 0aMathematisch-naturwissenschaftlich Technischebücherei ;vBd. 32. c28165d28165